Paroles - Écris l'histoire - Grégory Lemarchal - Statistiques

Statistiques générales
  • Ce quiz a été pris 840 fois
  • Le résultat moyen est 172 sur 225
Statistiques - réponses
Answers % Correct
Écris
97%
l'histoire
96%
ma
96%
me
96%
tu
94%
la
93%
En
92%
te
92%
dans
91%
Dans
91%
fin
91%
fin)
91%
le
91%
jamais
90%
Mais
90%
(Mais
90%
mémoire
90%
Tout
90%
lignes
89%
mes
89%
entre
88%
et
88%
voudras
87%
n'écris
86%
Que
86%
que
86%
sur
86%
mien
85%
si
85%
Ton
85%
loin
83%
territoire
83%
c'que
81%
ou
81%
de
80%
étendu
80%
je
80%
à
79%
À
79%
bien
73%
ta
73%
fasse
71%
qui
71%
moi
70%
pour
69%
qu'à
69%
toi
69%
veux-tu
69%
voir
69%
C'est
68%
c'est
68%
croire
67%
quand
67%
pas
64%
Voudrais-tu
64%
savoir
63%
viendra
63%
être
61%
m'approcher
61%
laisser
60%
dire
59%
ici
59%
qu'je
59%
taire
59%
un
59%
choisis
57%
m'oublier
55%
par
55%
trace
55%
n'pas
52%
amour
51%
m'avancer
51%
dises
50%
rester
49%
sait
49%
rien
48%
tes
47%
aussi
45%
M'effacer
45%
tête
45%
fais
44%
terre
43%
genoux
41%
parti
41%
J'attendrai
40%
M'inviter
40%
avoir
38%
demande
37%
l'air
37%
j'n'en
36%
mot
36%
pieds
36%
planète
35%
change
34%
Quelqu'un
34%
Dis-moi
33%
sauf
32%
douter
31%
J'disparais
30%
m'retiens
30%
Faut-il
26%
j'arrête
26%
m'préfères
21%
Aucun quiz correspondant
Distribution des résultats
% des personnes avec chaque résultat
Percentile par nombre de réponses
Votre historique - résultats
Vous n’avez pas pris ce quiz